| 000 | 01493cam a22003618a 4500 | ||
|---|---|---|---|
| 001 | 12993637 | ||
| 003 | XX-XxUND | ||
| 005 | 20241220130648.0 | ||
| 008 | 021106s2003 utu d 000 1 eng | ||
| 010 | _a 2002041209 | ||
| 020 | _a1591561779 (alk. paper) | ||
| 035 | _a(Sirsi) i9781591561774 | ||
| 040 |
_aDLC _cDLC _ebook |
||
| 050 | 0 | 0 |
_aPZ7.H3676 _bTo 2003 |
| 082 | 0 | 0 |
_a[Fic] _221 |
| 092 | _aHEIMERDINGER | ||
| 100 | 1 |
_aHeimerdinger, Chris. _975719 |
|
| 245 | 1 | 0 |
_aTower of thunder : _ba novel / _cChris Heimerdinger. |
| 260 |
_aAmerican Fork, UT : _bCovenant Communications, _c2003. |
||
| 263 | _a0302 | ||
| 264 |
_aAmerican Fork UT _bCovenant Communication _c2003 |
||
| 490 | 1 |
_aTennis shoes adventure series ; _v9 |
|
| 520 | _aIn 3000 B.C., threatened by the sword of Akish and the army of the Nephites, Mary, Becky, and Josh shelter a baby destined to become a great patriarch as Steffi is captured and taken to the Tower of Babel and Harry time-travels back to the battle between Akish and Gid. | ||
| 630 | 0 | 0 |
_aBook of Mormon _vFiction. _95756740 |
| 650 | 0 |
_aMormons _vFiction. _95674350 |
|
| 650 | 0 |
_aTime travel _vFiction. _95674119 |
|
| 650 | 0 |
_aBabel, Tower of _vFiction. _96477980 |
|
| 651 | 0 |
_aIraq _xHistory _yTo 634 _vFiction. _96477981 |
|
| 800 | 1 |
_aHeimerdinger, Chris. _tTennis shoes series; _v9. _946901 |
|
| 906 |
_a7 _bcbc _corignew _d1 _eocip _f20 _gy-gencatlg |
||
| 942 |
_cBOOK _2ddc |
||
| 999 |
_c76503 _d76503 |
||